000 00475nam a2200193Ia 4500
005 20250423101551.0
008 250422s9999 xx 000 0 und d
020 _a978-0-521-68526-9
050 _aPE 1128 .B27/
100 _aBaker, Ann
245 0 _aTree or three? : an elementary pronunciation course
250 _a2nd ed.
260 _aCambridge
260 _bCambridge University Press
260 _c2006
300 _a129 p
650 _aEnglish
942 _cBK
999 _c36654
_d36654